United in Grief - Kendrick Lamar (All Lyrics) - Statistics

General Stats
  • This quiz has been taken 58 times
  • The average score is 250 of 616
Answer Stats
Hint Answer % Correct
Intro | Outro | Refrain | Verse2 I
100%
the
95%
The
95%
The,
95%
in
92%
you
92%
You
92%
Verse3 So
90%
so
90%
some
90%
a
85%
A
85%
Be
85%
be
85%
life
82%
me
82%
me,
82%
of
82%
find
79%
hope
79%
peace
79%
x2 | x3 | x4 (Tell
79%
tell
79%
truth)
79%
been
77%
goin'
77%
lifetime
77%
mind
77%
x3 them,
77%
this
77%
your)
77%
your
77%
bitch
74%
through
74%
is
72%
Is
72%
paradise
72%
somethin'
72%
Verse1 What
72%
what
72%
what?
72%
I've
69%
miniskirt?
69%
afraid
67%
days
64%
x2 | x4 'em,
56%
x2 different
51%
x2 different)
51%
he
51%
my
51%
it
49%
It
49%
it,
49%
time
49%
On
46%
on
46%
rap
46%
for
44%
we
44%
you're
44%
1855
41%
better
41%
feel
41%
feelings
41%
x2 grieve
41%
hear
41%
I'm
41%
"I'm
41%
man
41%
that
41%
That
41%
was
41%
with
41%
her
38%
Her
38%
to
38%
To
38%
All
36%
all
36%
and
36%
his
36%
bitter
33%
demon,
33%
got
33%
off
33%
one
33%
x2 (Everybody
31%
hurt?
31%
killing
31%
really
31%
therapist
31%
(Woah)
31%
black
28%
God
28%
God,
28%
maturity
28%
neighborhood
28%
nerve
28%
pedestal
28%
view?
28%
when
28%
can
26%
house
26%
Mercedes
26%
rapper
26%
show
26%
way
26%
where
26%
"Where
26%
years
26%
did
23%
jewelry?
23%
jewelry,
23%
she
23%
woman
23%
young,
23%
debate
21%
G-Wagon
21%
(Huh)
21%
just
21%
like
21%
like,
21%
snitch
21%
28
18%
don't
18%
family
18%
first?
18%
first
18%
Five
18%
how
18%
hundred
18%
if
18%
it's
18%
new
18%
none
18%
reaction
18%
repeat
18%
reverse
18%
sharing
18%
twenty
18%
went
18%
am
15%
Bought
15%
bought
15%
But
15%
couple
15%
x2 grieves
15%
him
15%
late
15%
mean
15%
predator,
15%
purity
15%
theories
15%
theory,
15%
up
15%
us
15%
broken
13%
call
13%
calling
13%
captive
13%
Chicago
13%
enemies
13%
everything,
13%
Eyes
13%
know
13%
making
13%
model
13%
mother
13%
Never
13%
never
13%
practice
13%
Pray
13%
relative
13%
repetitive
13%
rep'table?
13%
security?
13%
bottle
10%
chain
10%
Fee-fi-fo-fum,
10%
from?"
10%
had
10%
head
10%
hit
10%
hold
10%
listenin'
10%
magic
10%
mansions,
10%
money
10%
narratives
10%
night
10%
only
10%
or
10%
Porsche,
10%
Porsche
10%
public,
10%
say
10%
tax
10%
tears
10%
they
10%
variables
10%
world
10%
world,
10%
50K
8%
answer
8%
arrogance?
8%
away
8%
Bang
8%
Big
8%
care
8%
Claritin
8%
Consolidate
8%
demons
8%
done
8%
four
8%
green
8%
Keem
8%
light
8%
mill'
8%
moonlight
8%
okay,
8%
pain
8%
Popping
8%
post
8%
psychologist
8%
room
8%
said
8%
smell
8%
thirst
8%
TNT
8%
America
5%
as
5%
because
5%
Bible
5%
bun,
5%
busy"
5%
cars
5%
case
5%
comparisons
5%
cousins,
5%
daddy
5%
Dave
5%
Dedicated
5%
didn't
5%
doing?
5%
dynamics
5%
evil
5%
gang
5%
Hair
5%
hopin'
5%
Humblin'
5%
imperative
5%
killed,
5%
menacing
5%
met
5%
months
5%
morning,
5%
nine
5%
North
5%
penetratin'
5%
Phone
5%
presidents'
5%
put
5%
Rolodex
5%
songs
5%
third
5%
want
5%
watch,
5%
whip,
5%
wipin'
5%
wrote
5%
.223,
3%
ain't
3%
another
3%
appointment
3%
brother
3%
buy
3%
caption
3%
cul-de-sac
3%
doo-doo
3%
down
3%
energy
3%
enough,
3%
enough
3%
FaceTimed
3%
flipping
3%
Indulging
3%
infinity
3%
insecurities
3%
lottery
3%
moving,
3%
music
3%
myself
3%
nobody
3%
PC
3%
pools
3%
portions
3%
portrayed
3%
Poverty
3%
religionous
3%
Rolex
3%
Shaking
3%
Started
3%
tour,
3%
treat
3%
wake
3%
watched
3%
won't
3%
you'd
3%
after
0%
body
0%
building
0%
Chad
0%
controlled
0%
county
0%
enclave
0%
Estelle
0%
Fair
0%
goodbye
0%
grave
0%
green-eyes
0%
Green-eyes
0%
Heartbroken
0%
Lamont
0%
left
0%
locked
0%
once
0%
Paid
0%
Paralyzed,
0%
ringer,
0%
sex'd
0%
swimmed
0%
Sympathize
0%
twenty-one
0%
wore
0%
No matching quizzes found
Score Distribution
Percent of People with Each Score
Percentile by Number Answered
Your Score History
You have not taken this quiz